Ушаг организминин анатомик физиоложи хусусиjj?тл?ри в? ?и?иjенасы (Запись № 13719647)
[ простой вид ]
| 000 -МАРКЕР | |
|---|---|
| контрольное поле | 01467nam0a2200289 4500 |
| 001 - ИДЕНТИФИКАТОР ЗАПИСИ | |
| контрольное поле | RU\NLR\ONL2\17557 |
| 005 - ИДЕНТИФИКАТОР ВЕРСИИ | |
| контрольное поле | 20260607091346.0 |
| 035 ## - ДРУГИЕ СИСТЕМНЫЕ НОМЕРА | |
| Идентификатор записи | (NLR Aleph) 009665142 |
| 100 ## - ДАННЫЕ ОБЩЕЙ ОБРАБОТКИ | |
| Данные общей обработки | 20100227d1966 e||y0rusy50 ca |
| 101 0# - ЯЗЫК РЕСУРСА | |
| Язык текста, звукозаписи и т.д. | азербайджанский |
| 102 ## - СТРАНА ПУБЛИКАЦИИ ИЛИ ПРОИЗВОДСТВА | |
| Страна публикации | Азербайджан |
| 105 ## - ПОЛЕ КОДИРОВАННЫХ ДАННЫХ: ТЕКСТОВЫЕ МАТЕРИАЛЫ, МОНОГРАФИЧЕСКИЕ | |
| Кодированные данные о монографическом текстовом документе | y ||||||||| |
| 200 1# - ЗАГЛАВИЕ И СВЕДЕНИЯ ОБ ОТВЕТСТВЕННОСТИ | |
| Основное заглавие | Ушаг организминин анатомик физиоложи хусусиjj?тл?ри в? ?и?иjенасы |
| Сведения, относящиеся к заглавию | гиjабичилэр учун методики в?саит |
| Первые сведения об ответственности | Азэрб.ССР Али вэ орта ихт. тэhс. наз. h. Зэрдаби ад. Кировабад д?в. пед. ин-ту |
| Последующие сведения об ответственности | тэрт. зоологиjа каф. дос. Г. Гэмбэроглу, Ч. Х. Лэтифов |
| 210 ## - ПУБЛИКАЦИЯ, РАСПРОСТРАНЕНИЕ И ДР. | |
| Место издания, распространения и т.д. | Кировабад |
| Имя издателя, распространителя и т. д. | h. Зэрдаби ад. Кировабад д?в. пед. ин-ту |
| Дата издания, распространения и т.д. | 1966 |
| 215 ## - ФИЗИЧЕСКАЯ ХАРАКТЕРИСТИКА | |
| Специфическое обозначение материала и объем | 40 с. |
| Размеры | 20 |
| 541 1# - ПЕРЕВОД ЗАГЛАВИЯ, СДЕЛАННЫЙ КАТАЛОГИЗАТОРОМ | |
| Заглавие | Анатомо-физиологические особенности и гигиена детского организма |
| Сведения, относящиеся к заглавию | метод. пособие для заочников |
| Язык заглавия | русский |
| 606 0# - НАИМЕНОВАНИЕ ТЕМЫ КАК ПРЕДМЕТ | |
| Системный номер авторитетной/нормативной записи | Учебные издания для высшей школы |
| Наименование темы | Дети |
| Тематический подзаголовок | Гигиена |
| Код системы | nlr-sh2 |
| -- | nlr-sh1 |
| Идентификатор авторитетной/нормативной записи | RU\NLR\auth\66236783 |
| 686 1# - ИНДЕКСЫ ДРУГИХ КЛАССИФИКАЦИЙ | |
| Индекс | Р128 я73 |
| 702 #1 - ИМЯ ЛИЦА - ВТОРИЧНАЯ ОТВЕТСТВЕННОСТЬ | |
| Начальный элемент ввода | Г?мб?ро?лу |
| Часть имени, кроме начального элемента ввода | Г. |
| Код отношения | Составитель |
| 801 #0 - ИСТОЧНИК ЗАПИСИ | |
| Страна | Российская Федерация |
| Организация | NLR |
| Дата составления | 20100527 |
| Правила каталогизации | PSBO |
| 852 ## - МЕСТОНАХОЖДЕНИЕ И ШИФР ХРАНЕНИЯ | |
| Идентификатор организации | NLR |
| Наименование фонда или коллекции (Sub-Location Identifier) | ОНЛ |
| Шифр хранения (Call Number) | Азерб./2-13820 |
| 942 ## - ДОПОЛНИТЕЛЬНЫЕ ЭЛЕМЕНТЫ ЗАПИСИ (АБИС) | |
| Тип экземпляра АБИС | Книга |
| 980 ## - КОЛЛЕКЦИЯ | |
| Название коллекции | Каталог книг на языках народов РФ и стран СНГ |
| 980 ## - КОЛЛЕКЦИЯ | |
| Название коллекции | Национальная библиография |
Нет доступных экземпляров.